|
|
|
|
| LEADER |
00000nab a2200000 ar4500 |
| 001 |
vtls009007941 |
| 003 |
SK-MaSNL |
| 005 |
20260303065503.0 |
| 008 |
070614c2007 xo br|p|||||||000 b|slo |
| 015 |
|
|
|a SNBRB2007/07
|2 snkbucl
|
| 038 |
|
|
|a SNKBUCL
|
| 040 |
|
|
|a SNKBUCL
|b slo
|c SNKBUCL
|e AACR2
|
| 041 |
0 |
|
|a slo
|
| 044 |
|
|
|a xo
|c SK
|
| 080 |
|
|
|a 222/224
|2 2001
|
| 080 |
|
|
|a 904:222/224
|2 2001
|
| 080 |
|
|
|a 904:091
|x (=411.16)
|2 2001
|
| 080 |
|
|
|a 091.13
|x (=411.16)
|2 2001
|
| 080 |
|
|
|a 902.2
|2 2001
|
| 100 |
1 |
|
|a Hubenák, Ladislav,
|d 1928-2018
|4 aut
|9 86296
|
| 245 |
1 |
0 |
|a Boj o kumránske zvitky
|n (2)
|c Ladislav Hubenák
|
| 300 |
|
|
|b Fotogr.
|
| 500 |
|
|
|a Pokračovanie v budúcom čísle
|
| 630 |
0 |
7 |
|a Biblia
|p Starý zákon
|2 snkbucl
|9 185646
|
| 650 |
0 |
7 |
|a Kumránske zvitky
|2 snkbucl
|9 548135
|
| 650 |
0 |
7 |
|a hebrejské rukopisy
|2 snkbucl
|9 74096
|
| 650 |
0 |
7 |
|a historické pramene
|2 snkbucl
|9 1975
|
| 650 |
0 |
7 |
|a písomné pamiatky
|2 snkbucl
|9 397692
|
| 651 |
|
7 |
|a Kumrán (Izrael)
|2 snkbucl
|9 526518
|
| 773 |
0 |
|
|t Prometheus
|g Roč. III., č. 3 (2007), s. 14-15
|x 1336-6424
|
| 852 |
|
|
|a SNK
|b KIS3GCP
|
| 999 |
|
|
|c 1751373
|d 1753303
|